| 000 | 00319nam a22001217a 4500 | ||
|---|---|---|---|
| 020 | _a9788131306000 | ||
| 082 |
_a664.02 _bRIA/FO |
||
| 100 | _aRiar, C.S | ||
| 245 | _aFood grain product technology and quality characteristics | ||
| 260 |
_aNew Delhi _bA.P.H Publishing corporation _c2009 |
||
| 300 | _a214 p | ||
| 942 | _cBK | ||
| 999 |
_c13749 _d13749 |
||